|
|
|
|
| LEADER |
00000nam a2200000 i 4500 |
| 001 |
DIGUCAUCA0012 |
| 003 |
NyNyDIG |
| 006 |
m o d |
| 008 |
201107s2017 ck a ob 001 0 spa d |
| 007 |
cr ||||||||||| |
| 035 |
|
|
|a (OCoLC)1120705071
|
| 040 |
|
|
|a DGITA
|b eng
|e rda
|e pn
|c DGITA
|
| 020 |
|
|
|a 9789587322866
|q (electronic bk.)
|
| 020 |
|
|
|a 958732286X
|q (electronic bk.)
|
| 020 |
|
|
|z 9789587322842
|
| 020 |
|
|
|z 9587322843
|
| 050 |
1 |
4 |
|a LB1044.7 ebook
|
| 082 |
0 |
4 |
|a 371.3358
|
| 100 |
1 |
|
|a Durán Dorado, Diego Fabián,
|e author.
|
| 245 |
1 |
0 |
|a Una solución de VoD con IPTV en ambientes OTT para comunidades académicas virtuales /
|c Diego Fabián Durán Dorado, José Luis Arciniegas Herrera.
|
| 246 |
3 |
|
|a Solución de VoD con IPTV en ambientes OTT para comunidades académicas virtuales
|
| 264 |
|
1 |
|a Popayán, Colombia :
|b Editorial UC, Editorial Universidad del Cauca,
|c [2017]
|
| 300 |
|
|
|a 1 online resource.
|
| 336 |
|
|
|a text
|b txt
|2 rdacontent
|
| 337 |
|
|
|a computer
|b c
|2 rdamedia
|
| 338 |
|
|
|a online resource
|b cr
|2 rdacarrier
|
| 347 |
|
|
|a text file
|2 rdaft
|
| 347 |
|
|
|b PDF
|
| 500 |
|
|
|a "Convocatoria 2014 modalidad: Investigación."
|
| 504 |
|
|
|a Includes bibliographical references and index.
|
| 588 |
0 |
|
|a Online resource; title from PDF title page (Digitalia, viewed November 9, 2020)
|
| 650 |
|
0 |
|a Television in education.
|
| 650 |
|
0 |
|a Video-on-demand.
|
| 650 |
|
0 |
|a Distance education.
|
| 655 |
|
0 |
|a Electronic books.
|
| 700 |
1 |
|
|a Arciniegas Herrera, Luis José,
|e author.
|
| 791 |
2 |
|
|a Digitalia (Firm),
|e distributor.
|
| 793 |
0 |
|
|g Digitalia eBook Collection:
|a Editorial Universidad del Cauca
|
| 776 |
0 |
8 |
|i Print version:
|a Durán Dorado, Diego Fabián.
|t Una solución de VoD con IPTV en ambientes OTT para comunidades académicas virtuales.
|d Popayán, Colombia : Editorial UC, Editorial Universidad del Cauca, 2017
|z 9789587322842
|
| 856 |
4 |
0 |
|3 Digitalia Hispánica
|u https://www.digitaliapublishing.com/a/60608/
|
| 910 |
|
|
|a Premium collection: 2020
|